Introduction to respiratory physiology / (Record no. 1604)

000 -LEADER
fixed length control field 01112nam a2200313 i 4500
003 - CONTROL NUMBER IDENTIFIER
control field OSt
005 - DATE AND TIME OF LATEST TRANSACTION
control field 20210629073051.0
008 - FIXED-LENGTH DATA ELEMENTS--GENERAL INFORMATION
fixed length control field 810223s1980 maua b 001 0 eng
020 ## - INTERNATIONAL STANDARD BOOK NUMBER
International Standard Book Number 0316106992 (pbk.)
040 ## - CATALOGING SOURCE
Transcribing agency DLC
050 00 - LIBRARY OF CONGRESS CALL NUMBER
Classification number QP121
Item number .B823 1980
100 1# - MAIN ENTRY--PERSONAL NAME
Personal name Braun, Harold A.
245 10 - TITLE STATEMENT
Title Introduction to respiratory physiology /
Statement of responsibility, etc. Harold A. Braun, Frederick W. Cheney, Jr., C. Paul Loehnen.
250 ## - EDITION STATEMENT
Edition statement 2d ed.
260 ## - PUBLICATION, DISTRIBUTION, ETC.
Place of publication, distribution, etc. Boston :
Name of publisher, distributor, etc. Little, Brown,
Date of publication, distribution, etc. c1980.
300 ## - PHYSICAL DESCRIPTION
Extent vii, 159 p. :
Other physical details ill. ;
Dimensions 24 cm.
500 ## - GENERAL NOTE
General note First ed. by C.E. Beall, H.A. Braun, and F.W. Cheney, published in 1974 under title: Physiologic bases for respiratory care.
504 ## - BIBLIOGRAPHY, ETC. NOTE
Bibliography, etc. note Includes bibliographies and index.
650 #0 - SUBJECT ADDED ENTRY--TOPICAL TERM
Topical term or geographic name entry element Respiration.
650 #0 - SUBJECT ADDED ENTRY--TOPICAL TERM
Topical term or geographic name entry element Inhalation therapy.
700 1# - ADDED ENTRY--PERSONAL NAME
Personal name Cheney, Frederick W.,
Relator term joint author.
700 1# - ADDED ENTRY--PERSONAL NAME
Personal name Loehnen, C. Paul,
Relator term joint author.
700 1# - ADDED ENTRY--PERSONAL NAME
Personal name Beall, Cheryl E.
Title of a work Physiologic bases for respiratory care.
906 ## - LOCAL DATA ELEMENT F, LDF (RLIN)
a 7
b cbc
c orignew
d 2
e ocip
f 19
g y-gencatlg
942 ## - ADDED ENTRY ELEMENTS (KOHA)
Source of classification or shelving scheme
Koha item type Book
Suppress in OPAC SO
Holdings
Withdrawn status Lost status Source of classification or shelving scheme Damaged status Not for loan Permanent Location Current Location Shelving location Date acquired Total Checkouts Full call number Barcode Date last seen Price effective from Koha item type Public note Source of acquisition Copy number
          AU LIBRARY AU LIBRARY Open Shelf 29.06.2021   QP121 .B823 1980 28001980 29.06.2021 29.06.2021 Book SO    
          AU LIBRARY AU LIBRARY Open Shelf 24.03.2022   QP121 .B823 1980 C2 28006862 24.03.2022 24.03.2022 Book CM DONATION FROM MOI UNIVERSITY 2

Powered by Koha